000 00371nam a2200157 a 4500
001 2774
005 20140414131927.0
008 050928s19uu xx 00 eng d
020 _a0-7097-1030-5
050 _aER
_bR55
100 _aMaureen Spurgeon
245 _aRobin Hood.
260 _aEngland :
_bBrown Watson.
300 _a1 v. p. : ill. ; cm.
999 _c112082
_d112082